[Event "Hunan Belt and Road Open 2019"]
[Site "Hunan"]
[Date "2019.07.30"]
[Round "2.35"]
[White "Taher, Yoseph Theolifus"]
[Black "Setyaki, Azarya Jodi"]
[Result "1/2-1/2"]
[WhiteElo "2460"]
[BlackElo "2409"]
[Annotator "ChessBase"]
[PlyCount "95"]
[EventDate "2019.07.29"]
[EventType "swiss"]
[EventCountry "CHN"]
[SourceTitle "playchess.com"]
[Source "ChessBase"]
[SourceQuality "1"]
[TimeControl "5400+30"]

1. c4 {[%emt 0:00:00]} g6 {[%emt 0:00:00]} 2. d4 {[%emt 0:00:12]} Nf6 {[%emt 0:00:00]} 3. Nc3 {[%emt 0:00:10]} d5 {[%emt 0:00:04]} 4. cxd5 {[%emt 0:01:35]} Nxd5 {[%emt 0:00:09]} 5. e4 {[%emt 0:00:20]} Nxc3 {[%emt 0:00:06]} 6. bxc3 {[%emt 0:00:03]} Bg7 {[%emt 0:00:05]} 7. Be3 {[%emt 0:00:03]} c5 {[%emt 0:00:13]} 8. Qd2 {[%emt 0:00:07]} Qa5 {[%emt 0:00:23]} 9. Nf3 {[%emt 0:00:40]} O-O {[%emt 0:00:06]} 10. Rc1 {[%emt 0:00:12]} Bg4 {[%emt 0:00:20]} 11. Be2 {[%emt 0:00:48]} Nd7 {[%emt 0:01:37]} 12. h3 {[%emt 0:06:10]} Bxf3 {[%emt 0:02:40]} 13. Bxf3 {[%emt 0:00:21]} Nb6 {[%emt 0:02:36]} 14. d5 {[%emt 0:09:11]} Nc4 {[%emt 0:01:49]} 15. Qd3 {[%emt 0:00:13]} Ne5 {[%emt 0:05:55]} 16. Qd2 {[%emt 0:00:37]} Nxf3+ {[%emt 0:04:41]} 17. gxf3 {[%emt 0:00:04]} f5 {[%emt 0:00:15]} 18. c4 {[%emt 0:01:07]} Qa3 {[%emt 0:00:27]} 19. Ke2 {[%emt 0:09:19]} Rf7 {[%emt 0:08:15]} 20. Qc2 {[%emt 0:19:39]} fxe4 {[%emt 0:02:43]} 21. fxe4 {[%emt 0:01:07]} Bd4 {[%emt 0:00:56]} 22. Qb3 {[%emt 0:02:15]} Qa6 {[%emt 0:02:32]} 23. Rhf1 {[%emt 0:08:16]} Raf8 {[%emt 0:03:24]} 24. f4 {[%emt 0:05:22]} Bxe3 {[%emt 0:01:25]} 25. Kxe3 {[%emt 0:00:54]} e5 {[%emt 0:16:12]} 26. f5 {[%emt 0:11:03]} gxf5 {[%emt 0:00:36]} 27. Ke2 {[%emt 0:01:59]} f4 {[%emt 0:02:52]} 28. Rg1+ {[%emt 0:00:52]} Kh8 {[%emt 0:00:54]} 29. Qb2 {[%emt 0:03:56]} Qf6 {[%emt 0:01:13]} 30. Kd3 {[%emt 0:00:35]} Rg7 {[%emt 0:01:42]} 31. Qf2 {[%emt 0:01:52]} Rxg1 {[%emt 0:06:41]} 32. Rxg1 {[%emt 0:00:16]} b6 {[%emt 0:00:04]} 33. Qf3 {[%emt 0:00:21]} a6 {[%emt 0:01:48]} 34. a4 {[%emt 0:01:42]} b5 {[%emt 0:04:33]} 35. axb5 {[%emt 0:00:05]} axb5 {[%emt 0:00:03]} 36. cxb5 {[%emt 0:00:13]} Qb6 {[%emt 0:04:51]} 37. Qg4 {[%emt 0:01:16]} Qxb5+ {[%emt 0:01:11]} 38. Kc2 {[%emt 0:00:15]} Qa4+ {[%emt 0:02:57]} 39. Kc1 {[%emt 0:00:31]} Qc4+ {[%emt 0:03:59]} 40. Kd1 {[%emt 0:00:11]} Qb3+ {[%emt 0:01:36]} 41. Kc1 {[%emt 0:00:05]} Qa3+ {[%emt 0:01:38]} 42. Kc2 {[%emt 0:00:11]} Qa2+ {[%emt 0:02:05]} 43. Kc1 {[%emt 0:00:07]} Qc4+ {[%emt 0:00:05]} 44. Kd1 {[%emt 0:00:08]} Qa4+ {[%emt 0:01:09]} 45. Kc1 {[%emt 0:00:14]} Qa7 {[%emt 0:02:28]} 46. Qg5 {[%emt 0:00:06]} Qa1+ {[%emt 0:00:43]} 47. Kc2 {[%emt 0:00:07]} Qa2+ {[%emt 0:00:06]} 48. Kc1 {[%emt 0:00:43]} 1/2-1/2

[Event "Hunan Belt and Road Open 2019"]
[Site "Hunan"]
[Date "2019.07.30"]
[Round "2.36"]
[White "Lin, Yi"]
[Black "Li, Shilong"]
[Result "1-0"]
[WhiteElo "2406"]
[BlackElo "2457"]
[Annotator "ChessBase"]
[PlyCount "83"]
[EventDate "2019.07.29"]
[EventType "swiss"]
[EventCountry "CHN"]
[SourceTitle "playchess.com"]
[Source "ChessBase"]
[SourceQuality "1"]
[TimeControl "5400+30"]

1. d4 {[%emt 0:00:00]} Nf6 {[%emt 0:00:00]} 2. c4 {[%emt 0:00:00]} g6 {[%emt 0:00:21]} 3. Nc3 {[%emt 0:00:00]} Bg7 {[%emt 0:00:05]} 4. e4 {[%emt 0:00:01]} O-O {[%emt 0:00:07]} 5. Nf3 {[%emt 0:00:20]} d6 {[%emt 0:00:06]} 6. h3 {[%emt 0:00:07]} e5 {[%emt 0:01:20]} 7. d5 {[%emt 0:00:07]} a5 {[%emt 0:02:57]} 8. g4 {[%emt 0:00:10]} Na6 {[%emt 0:00:12]} 9. Be3 {[%emt 0:00:10]} Nc5 {[%emt 0:09:05]} 10. Nd2 {[%emt 0:00:24]} Ne8 {[%emt 0:08:08]} 11. h4 {[%emt 0:03:36]} f5 {[%emt 0:01:37]} 12. g5 {[%emt 0:00:12]} Rf7 {[%emt 0:11:54]} 13. Be2 {[%emt 0:09:36]} Qe7 {[%emt 0:31:45]} 14. Qc2 {[%emt 0:07:46]} Bf8 {[%emt 0:26:02]} 15. O-O-O {[%emt 0:06:23]} Na6 {[%emt 0:01:08]} 16. exf5 {[%emt 0:02:19]} Bxf5 {[%emt 0:00:56]} 17. Nde4 {[%emt 0:00:20]} Nb4 {[%emt 0:00:17]} 18. Qb3 {[%emt 0:00:20]} c5 {[%emt 0:00:06]} 19. f3 {[%emt 0:05:50]} Qd7 {[%emt 0:02:38]} 20. Na4 {[%emt 0:06:56]} Rb8 {[%emt 0:00:39]} 21. a3 {[%emt 0:01:09]} Na6 {[%emt 0:00:02]} 22. Nac3 {[%emt 0:00:17]} Nac7 {[%emt 0:00:14]} 23. h5 {[%emt 0:01:34]} b6 {[%emt 0:00:40]} 24. Ng3 {[%emt 0:04:50]} Ng7 {[%emt 0:00:29]} 25. h6 {[%emt 0:00:47]} Nge8 {[%emt 0:00:31]} 26. Nxf5 {[%emt 0:00:50]} Rxf5 {[%emt 0:00:27]} 27. a4 {[%emt 0:02:05]} Na6 {[%emt 0:00:44]} 28. Ne4 {[%emt 0:00:15]} Nb4 {[%emt 0:00:06]} 29. Bd2 {[%emt 0:00:39]} Qf7 {[%emt 0:01:18]} 30. f4 {[%emt 0:05:15]} exf4 {[%emt 0:00:31]} 31. Bg4 {[%emt 0:00:30]} Be7 {[%emt 0:00:21]} 32. Rhf1 {[%emt 0:01:35]} Nc7 {[%emt 0:00:25]} 33. Bxf5 {[%emt 0:00:20]} gxf5 {[%emt 0:00:21]} 34. Rxf4 {[%emt 0:01:23]} Qg6 {[%emt 0:00:06]} 35. Nf6+ {[%emt 0:01:04]} Bxf6 {[%emt 0:00:51]} 36. gxf6 {[%emt 0:00:01]} Re8 {[%emt 0:00:44]} 37. Qh3 {[%emt 0:03:45]} Kf7 {[%emt 0:00:23]} 38. Bxb4 {[%emt 0:01:54]} cxb4 {[%emt 0:00:21]} 39. Qxf5 {[%emt 0:00:12]} Qxf5 {[%emt 0:00:29]} 40. Rxf5 {[%emt 0:00:02]} Re4 {[%emt 0:00:24]} 41. Rg1 {[%emt 0:00:23]} Rxc4+ {[%emt 0:00:52]} 42. Kb1 {[%emt 0:00:06]} 1-0

[Event "Hunan Belt and Road Open 2019"]
[Site "Hunan"]
[Date "2019.08.04"]
[Round "7.1"]
[White "Ganguly, Surya Shekhar"]
[Black "Cheparinov, Ivan"]
[Result "1-0"]
[WhiteElo "2638"]
[BlackElo "2666"]
[Annotator "ChessBase"]
[PlyCount "93"]
[EventDate "2019.07.29"]
[EventType "swiss"]
[EventCountry "CHN"]
[SourceTitle "playchess.com"]
[Source "ChessBase"]
[SourceQuality "1"]
[TimeControl "5400+30"]

1. c4 {[%emt 0:00:00]} e6 {[%emt 0:00:00]} 2. Nc3 {[%emt 0:00:00]} Nf6 {[%emt 0:00:00]} 3. e4 {[%emt 0:00:16]} d5 {[%emt 0:00:00]} 4. cxd5 {[%emt 0:00:10]} exd5 {[%emt 0:00:00]} 5. e5 {[%emt 0:00:08]} Ne4 {[%emt 0:00:00]} 6. Nf3 {[%emt 0:00:14]} Bf5 {[%emt 0:00:07]} 7. d4 {[%emt 0:01:38]} Bb4 {[%emt 0:00:47]} 8. Bd2 {[%emt 0:00:06]} Bxc3 {[%emt 0:02:19]} 9. Bxc3 {[%emt 0:00:07]} O-O {[%emt 0:00:19]} 10. Be2 {[%emt 0:00:16]} b6 {[%emt 0:01:04]} 11. O-O {[%emt 0:00:16]} c5 {[%emt 0:00:05]} 12. Bd2 {[%emt 0:00:07]} Nc6 {[%emt 0:10:17]} 13. Be3 {[%emt 0:00:08]} Bg4 {[%emt 0:06:59]} 14. dxc5 {[%emt 0:18:54]} bxc5 {[%emt 0:01:37]} 15. Rc1 {[%emt 0:00:06]} c4 {[%emt 0:22:16]} 16. b3 {[%emt 0:03:35]} Nb4 {[%emt 0:04:58]} 17. Bxc4 {[%emt 0:14:19]} dxc4 {[%emt 0:07:41]} 18. Qxd8 {[%emt 0:00:27]} Rfxd8 {[%emt 0:00:09]} 19. Rxc4 {[%emt 0:00:06]} Nxa2 {[%emt 0:06:46]} 20. Rxe4 {[%emt 0:01:13]} Bxf3 {[%emt 0:04:20]} 21. gxf3 {[%emt 0:00:07]} Nc3 {[%emt 0:00:06]} 22. Rc4 {[%emt 0:01:28]} Nd5 {[%emt 0:01:03]} 23. Bc5 {[%emt 0:04:59]} Nb6 {[%emt 0:02:15]} 24. Rb4 {[%emt 0:03:57]} Rd5 {[%emt 0:02:49]} 25. Bd6 {[%emt 0:05:25]} Nc8 {[%emt 0:05:07]} 26. Bb8 {[%emt 0:01:06]} Nb6 {[%emt 0:02:45]} 27. Bxa7 {[%emt 0:03:04]} Rxa7 {[%emt 0:00:04]} 28. Rxb6 {[%emt 0:00:09]} g6 {[%emt 0:00:55]} 29. Re1 {[%emt 0:08:35]} Rd2 {[%emt 0:04:21]} 30. e6 {[%emt 0:00:43]} fxe6 {[%emt 0:00:24]} 31. Rexe6 {[%emt 0:00:32]} Kg7 {[%emt 0:00:56]} 32. Red6 {[%emt 0:13:20]} Rb2 {[%emt 0:00:20]} 33. Kg2 {[%emt 0:00:09]} Rf7 {[%emt 0:01:07]} 34. Rd5 {[%emt 0:03:13]} Kh6 {[%emt 0:00:50]} 35. h4 {[%emt 0:00:36]} Rc7 {[%emt 0:00:56]} 36. Kg3 {[%emt 0:03:08]} Rc3 {[%emt 0:04:52]} 37. b4 {[%emt 0:03:13]} Rc7 {[%emt 0:03:09]} 38. h5 {[%emt 0:01:03]} Rb1 {[%emt 0:01:54]} 39. hxg6 {[%emt 0:01:50]} hxg6 {[%emt 0:00:01]} 40. f4 {[%emt 0:01:21]} Rg1+ {[%emt 0:00:55]} 41. Kf3 {[%emt 0:00:57]} Rc3+ {[%emt 0:00:16]} 42. Ke2 {[%emt 0:00:16]} Rc2+ {[%emt 0:02:58]} 43. Rd2 {[%emt 0:00:24]} Rxd2+ {[%emt 0:01:37]} 44. Kxd2 {[%emt 0:00:06]} Kg7 {[%emt 0:00:03]} 45. Rb8 {[%emt 0:03:07]} Kf6 {[%emt 0:01:28]} 46. b5 {[%emt 0:00:28]} Ke6 {[%emt 0:00:20]} 47. b6 {[%emt 0:00:31]} 1-0

[Event "Hunan Belt and Road Open 2019"]
[Site "Hunan"]
[Date "2019.08.04"]
[Round "7.2"]
[White "Yu, Yangyi"]
[Black "Amin, Bassem"]
[Result "1/2-1/2"]
[WhiteElo "2736"]
[BlackElo "2707"]
[Annotator "TA"]
[PlyCount "77"]
[EventDate "2019.07.29"]
[EventType "swiss"]
[EventCountry "CHN"]
[SourceTitle "playchess.com"]
[Source "ChessBase"]
[SourceQuality "1"]

{[%evp 23,77,13,29,29,17,0,0,0,21,13,25,-10,1,-88,-43,-72,-36,-66,-58,-78,-66,-86,-78,-70,-53,-82,-41,-182,-182,-182,-182,-182,-182,-182,-147,-161,-145,-182,-178,-172,-25,-25,-42,-21,0,0,0,-8,-8,-8,0,-8,0,0,0,-10]} 1. d4 Nf6 2. c4 g6 3. g3 Bg7 4. Bg2 O-O 5. Nf3 d6 6. O-O Nbd7 7. Nc3 e5 8. e4 c6 9. h3 Qb6 10. Re1 exd4 11. Nxd4 Re8 12. Re2 Qb4 13. Rc2 {E69: King's Indian: Fianchetto: 6...Nbd7 7 0-0 e5 8 e4 c6 9 h3} Nc5 {[%cal Rf6e4]} 14. a3 (14. Bd2 Qb6 15. Be3 Qc7 16. f3 a5 17. Qd2 a4 18. Rd1 Nfd7 19. Qf2 Ne5 20. Bf1 Qe7 {0-1 (53) Banusz,T (2598)-Berkes,F (2677) Gyula 2013}) 14... Qb6 $1 {[%cal Rf6e4]} ({Reject} 14... Qxc4 $6 15. Bf1 $16) 15. Be3 {[#]} Qd8 $146 {[%cal Rf6e4]} ({Predecessor:} 15... a5 16. Rac1 Qc7 17. f3 Nh5 18. g4 Nf6 19. b4 axb4 20. axb4 Ncd7 {0-1 (59) Gutov,A (2421)-Li,S (2553) Golden Sands 2012}) 16. f3 $1 a5 {[%cal Ba7a5,Ba5a4][%mdl 32]} 17. Rd2 {Nxc6! is the strong threat.} Nfd7 18. b3 (18. Nb3 $11 {remains equal.}) 18... f5 19. Rb1 fxe4 20. f4 {[#]} a4 $1 $36 {[%cal Ra4b3][%mdl 2560] Black has good play.} 21. b4 {[#]} (21. bxa4 Qa5) 21... Nb3 $1 {[%mdl 512]} 22. Re2 (22. Nxb3 Bxc3) 22... Qf6 {[%cal Rb3d4]} 23. Rxb3 axb3 24. Qxb3 Nc5 25. Qa2 ({White should try} 25. bxc5 $15 dxc5 26. Nxe4 Rxe4 27. Bxe4 cxd4 28. Bf2) 25... Na4 $19 26. Nxa4 Rxa4 27. Qb3 Ra8 28. a4 Qf7 29. a5 Bd7 30. Kh2 h5 31. Rd2 {[#]} Be6 (31... h4 $1 $19 32. g4 (32. gxh4 d5) 32... Rad8) 32. Nxe6 $11 Qxe6 33. h4 Kh7 {The position is equal.} 34. Qd1 Bf8 35. Rd4 Qf5 {Black wants to play ...Rad8.} 36. Bh3 Qf7 {Hoping for ...Rad8.} 37. Bg2 Qf5 38. Bh3 Qf7 {White must now prevent ...Rad8.} 39. Bg2 {Accuracy: White = 47%, Black = 40%.} 1/2-1/2

[Event "Hunan Belt and Road Open 2019"]
[Site "Hunan"]
[Date "2019.08.04"]
[Round "7.3"]
[White "Wang, Hao"]
[Black "Lupulescu, Constantin"]
[Result "1-0"]
[WhiteElo "2725"]
[BlackElo "2649"]
[Annotator "TA"]
[PlyCount "61"]
[EventDate "2019.07.29"]
[EventType "swiss"]
[EventCountry "CHN"]
[SourceTitle "playchess.com"]
[Source "ChessBase"]
[SourceQuality "1"]

{[%evp 15,95,8,7,5,16,14,18,16,24,18,25,-6,7,0,45,51,50,60,65,70,70,68,104,56,70,38,56,59,125,52,193,167,382,386,389,351,422,407,411,389,568,575,575,568,538,506,438,362,333,239,247,249,218,223,222,224,216,201,268,257,240,235,239,235,275,269,252,249,274,279,321,316,340,314,318,285,1009,951,998,972,910,573]} 1. e4 e6 2. d4 d5 3. Nc3 Nf6 4. e5 Nfd7 5. Nce2 c5 6. c3 Nc6 7. f4 Be7 8. Nf3 O-O 9. Be3 {C11: French: Classical System: 4 e5 and 4 Bg5 dxe4} (9. h4 b5 10. a3 a5 11. Ng3 Qb6 12. Bd3 f5 13. Ng5 cxd4 14. Nxe6 Ndxe5 15. Nxf8 Nxd3+ 16. Qxd3 Kxf8 {1-0 (42) Grischuk,A (2769)-Jumabayev,R (2605) Douglas 2018}) 9... b5 10. dxc5 $146 ({Predecessor:} 10. a3 a5 11. dxc5 Nxc5 12. Ned4 Nxd4 13. Bxd4 Bd7 14. Bd3 Qc7 15. O-O b4 16. cxb4 Nxd3 17. Qxd3 axb4 18. Ng5 Bxg5 19. fxg5 bxa3 20. Rxa3 Rxa3 21. Qxa3 Bb5 22. Ra1 {½-½ (22) Gharamian,T (2614)-Bluebaum,M (2633) Brest 2018}) 10... Nxc5 11. Ng3 {The position is equal.} Rb8 12. Rc1 Bd7 13. b4 Na4 $1 14. Bd3 f5 15. exf6 Bxf6 16. O-O Be8 ({Don't go for} 16... Bxc3 $2 17. Bxh7+ $1 {[%mdl 512]} Kh8 18. Bb1 $18) (16... Nxc3 17. Qb3 $11) 17. Qc2 h6 18. Ne2 $36 {[%mdl 2048] Black is under pressure.} Qd6 19. Ned4 Nxd4 20. Nxd4 a6 21. Qd2 Bf7 {[#]} (21... Bd8 $14) 22. g4 (22. Bb1 $1 $16) 22... e5 (22... Rbc8 $14) 23. Nf5 $18 Qe6 $2 (23... Qd7 {is a better defense.}) 24. fxe5 Bxe5 25. Bd4 Rbe8 26. Rce1 Bxd4+ 27. cxd4 Qd7 {[#]} (27... Qf6 {was worth a try.} 28. Ne7+ {[%mdl 64] Discovered Attack} Qxe7) 28. Nxh6+ $1 {[%mdl 512]} gxh6 29. Qxh6 {[%csl Gd3][%cal Rh6h7]} Qxg4+ 30. Kh1 {[%csl Gd3][%cal Rh6h7]} Qg7 {[#]} 31. Qh4 {Played: Rf1-g1} 1-0

[Event "Hunan Belt and Road Open 2019"]
[Site "Hunan"]
[Date "2019.08.04"]
[Round "7.4"]
[White "Matlakov, Maxim"]
[Black "Nguyen, Ngoc Truong Son"]
[Result "1/2-1/2"]
[WhiteElo "2701"]
[BlackElo "2636"]
[Annotator "TA"]
[PlyCount "54"]
[EventDate "2019.07.29"]
[EventType "swiss"]
[EventCountry "CHN"]
[SourceTitle "playchess.com"]
[Source "ChessBase"]
[SourceQuality "1"]

{[%evp 14,54,38,33,22,27,49,47,45,37,55,44,54,47,40,37,47,40,41,39,44,47,37,47,41,45,39,34,49,15,11,14,12,10,10,7,8,7,13,15,10,5,8]} 1. c4 e6 2. Nc3 d5 3. d4 Be7 4. cxd5 exd5 5. Bf4 Nf6 6. e3 O-O 7. Bd3 c5 8. Nge2 Nc6 {D35: Queen's Gambit Declined: Exchange Variation} 9. O-O h6 (9... c4 10. Bc2 Nh5 11. b3 Bb4 12. bxc4 dxc4 13. d5 Nxf4 14. exf4 Bxc3 15. Nxc3 Nb4 16. Rb1 Nxc2 17. Qxc2 {0-1 (35) Oleksienko,M (2621)-Kryvoruchko,Y (2703) Dubai 2018}) 10. dxc5 Bxc5 {White is slightly better.} 11. Rc1 Bd6 12. Qa4 Bg4 $146 ({Predecessor:} 12... Bxf4 13. Qxf4 Re8 14. Rfd1 Re5 15. Nd4 Rg5 16. Nxc6 bxc6 17. Ne2 Rg4 {½-½ (96) Tran,T (2459)-Pham,C (2357) Ho Chi Minh City 2016}) 13. h3 Bxe2 14. Bxe2 Bxf4 15. Qxf4 Qb8 16. Qa4 Rd8 17. Rfd1 Qe5 18. Qb5 Rab8 19. Bf3 {[%cal Rc3d5]} a6 20. Qc5 {[%cal Rf3d5]} d4 21. exd4 Rxd4 {The position is equal.} 22. Qxe5 Rxd1+ 23. Rxd1 Nxe5 24. Be2 Rc8 25. Rd4 Kf8 26. f4 Nc6 27. Rd2 Na5 {Accuracy: White = 93%, Black = 79%.} 1/2-1/2

[Event "Hunan Belt and Road Open 2019"]
[Site "Hunan"]
[Date "2019.08.04"]
[Round "7.5"]
[White "Vallejo Pons, Francisco"]
[Black "Megaranto, Susanto"]
[Result "1-0"]
[WhiteElo "2687"]
[BlackElo "2545"]
[Annotator "TA"]
[PlyCount "47"]
[EventDate "2019.07.29"]
[EventType "swiss"]
[EventCountry "CHN"]
[SourceTitle "playchess.com"]
[Source "ChessBase"]
[SourceQuality "1"]

{[%evp 9,47,28,43,35,60,60,68,58,107,99,106,106,67,103,128,141,141,140,222,210,246,255,247,239,241,189,481,450,465,485,474,462,681,662,670,657,928,887,1226,1219]} 1. e4 d5 2. exd5 Qxd5 3. Nc3 Qa5 4. d4 c6 5. Nf3 Bf5 6. Ne5 {B01: Scandinavian Defence} (6. Bc4 e6 7. Bd2 Nf6 8. Nd5 Qd8 9. Nxf6+ gxf6 10. Qe2 Nd7 11. O-O Bg6 12. Rae1 Qc7 13. Nh4 O-O-O 14. g3 Nb6 15. Ba5 Bh6 16. Rb1 Rd7 17. Qf3 Bg7 18. Bb3 Rhd8 19. Nxg6 hxg6 20. c3 f5 21. h4 c5 22. dxc5 {½-½ (22) Vidit,S (2701)-Megaranto,S (2512) Makati 2018}) 6... Nd7 7. Nc4 Qd8 8. d5 $146 {White is slightly better.} ({Predecessor:} 8. Ne3 Bg6 9. h4 h5 10. Be2 e6 11. Bf3 Be7 12. g3 Ngf6 13. Nc4 Nb6 {0-1 (75) Langenfeld,S (1938)-Schwenteck,P (1902) Verden 2014}) 8... e6 9. dxc6 bxc6 10. g4 Bg6 11. Bg2 $36 {[%mdl 2048] Black is under strong pressure.} Rc8 12. h4 {Strongly threatening h5.} h6 {[#]} 13. Be4 $1 Bxe4 (13... f5 $16) 14. Nxe4 $18 Ra8 15. Qf3 Ngf6 16. Nxf6+ gxf6 17. Bf4 ({Not} 17. Qxc6 Rc8 $14) 17... Qc8 $2 {[#]} (17... Nb6) 18. O-O-O {White is clearly winning.} Nb6 19. Nd6+ Bxd6 20. Bxd6 ({Less strong is} 20. Rxd6 Nd5 $18) 20... Nd7 (20... Rg8 $142 21. Rhe1 Kd7) 21. Rd2 Rg8 22. Rhd1 a5 23. Qe3 Rg6 24. Ba3 {Accuracy: White = 75%, Black = 36%.} 1-0

[Event "Hunan Belt and Road Open 2019"]
[Site "Hunan"]
[Date "2019.08.04"]
[Round "7.6"]
[White "Zhao, Jun"]
[Black "Anton Guijarro, David"]
[Result "1/2-1/2"]
[WhiteElo "2636"]
[BlackElo "2678"]
[Annotator "TA"]
[PlyCount "94"]
[EventDate "2019.07.29"]
[EventType "swiss"]
[EventCountry "CHN"]
[SourceTitle "playchess.com"]
[Source "ChessBase"]
[SourceQuality "1"]

{[%evp 10,94,20,11,16,16,14,16,16,9,16,12,15,4,16,4,14,12,17,1,0,-8,0,0,0,0,0,0,0,0,0,0,0,0,0,0,12,55,40,0,0,0,40,0,0,-34,-39,-22,-41,-380,-355,-341,-364,-335,-123,-123,-123,-123,-123,-123,-107,-113,-97,-141,-140,-130,-102,-97,-33,-34,0,-83,0,0,0,0,0,0,0,0,0,0,0,0,0,0,0]} 1. d4 Nf6 2. c4 e6 3. Nc3 Bb4 4. Qc2 O-O 5. Nf3 d6 6. Bd2 b6 {E32: Nimzo-Indian: Classical (4 Qc2): 4...0-0} 7. e4 c5 8. a3 Bxc3 9. Bxc3 cxd4 10. Nxd4 e5 11. Ne2 $146 ({Predecessor:} 11. Nf3 Bb7 12. Bd3 Nbd7 13. O-O Nc5 14. Nd2 {1-0 (67) Shishkin,V (2459)-Stern,R (2541) Police 2016}) 11... Be6 12. Ng3 Qc7 13. Be2 Nc6 14. O-O b5 15. f4 bxc4 16. fxe5 dxe5 17. Rxf6 $1 gxf6 18. Qd2 Kh8 {[#]} 19. Qh6 $1 {[%mdl 512] Nh5 would kill now.} Qe7 20. Nh5 {[%csl Gh5][%cal Rh6g7]} Rg8 21. Nxf6 {[%csl Gf6][%cal Rh6h7][%mdl 64] Double Attack} Rg7 22. Rf1 Qc5+ 23. Kh1 {Black must now prevent Rf3.} Nd4 $1 {[%cal Rd4e2]} 24. Bb4 {[%mdl 1024] White has compensation.} Qc6 25. Bf3 Rb8 26. Be7 c3 {[%cal Bc4c3,Bc3b2][%mdl 32]} 27. Nd5 {Hoping for Bf6!} (27. Nxh7 $5 Rg6 28. Qh4 $11 (28. Qh5 Kg7 $11)) 27... cxb2 {[#]} 28. Bf6 $1 {[%csl Gf6][%cal Rh6g7][%mdl 576] Pin} Rbg8 29. Qd2 $2 {[%mdl 8192]} ({Only move:} 29. Qg5 $1 $15) 29... Bxd5 30. Bxg7+ Rxg7 31. exd5 {[#]} Nxf3 $2 (31... Qa6 $1 $19 {[%cal Ra6f1] is more deadly.} 32. Rd1 Qxa3) 32. Qxb2 $17 Qxd5 {...Nh4 is the strong threat.} 33. gxf3 $19 {[%mdl 4096] Endgame KQR-KQR} a5 34. Qe2 Rg6 35. Rd1 Qc5 36. a4 Kg7 37. Qe4 Qc3 38. Re1 Re6 ({Better is} 38... Kf8 $17 39. Qa8+ Kg7) 39. Rg1+ $1 $15 Rg6 {And now ...Rxg1+ would win.} 40. Re1 Kf6 (40... Rg5 $17) 41. f4 $11 {The position is equal.} exf4 42. Qxf4+ Kg7 43. Qe5+ Qxe5 44. Rxe5 Ra6 45. Kg2 Kg6 46. Kg3 f6 47. Rb5 Ra7 {Accuracy: White = 56%, Black = 54%.} 1/2-1/2

[Event "Hunan Belt and Road Open 2019"]
[Site "Hunan"]
[Date "2019.08.04"]
[Round "7.7"]
[White "Wei, Yi"]
[Black "Zeng, Chongsheng"]
[Result "1-0"]
[WhiteElo "2737"]
[BlackElo "2551"]
[Annotator "TA"]
[PlyCount "59"]
[EventDate "2019.07.29"]
[EventType "swiss"]
[EventCountry "CHN"]
[SourceTitle "playchess.com"]
[Source "ChessBase"]
[SourceQuality "1"]

{[%evp 11,74,23,17,0,0,0,0,0,0,0,12,4,3,-9,0,0,0,5,20,17,69,41,119,95,198,118,267,239,497,447,597,601,523,600,461,602,556,554,589,567,730,712,713,706,859,857,2085,2181,2156,2144,2188,2059,1831,1734,29987,29988,29984,29985,29990,29991,29994,29995,29995,29991,29999]} 1. e4 e5 2. Nf3 Nc6 3. Bc4 Bc5 4. d3 Nf6 5. h3 d6 6. c3 O-O 7. Bg5 {C54: Giuoco Piano: 4 c3 Nf6, main lines with 5 d4 and 5 d3} h6 8. Bh4 g5 9. Bg3 {The position is equal.} Nh5 10. Bh2 Qf6 11. Nbd2 a5 $146 ({Predecessor:} 11... Nf4 12. Bxf4 gxf4 13. Qe2 Kh8 14. O-O-O Rg8 {½-½ (28) Wei,Y (2734)-Svidler,P (2727) Baku 2015}) 12. Qe2 (12. a4 {with more complications.} Bd7 13. O-O Qg6 14. Bb3 Rae8 15. Nc4) 12... Nf4 13. Bxf4 gxf4 14. O-O-O Kh8 15. g4 Rb8 ({Black should try} 15... fxg3 $11 16. fxg3 a4) 16. Rdg1 (16. g5 $5 hxg5 17. Rdg1 $11) 16... Rg8 (16... b5 $14 17. g5 Qg7 18. gxh6 Qxh6) 17. g5 $16 hxg5 (17... Qe7 $16) 18. Rh2 (18. Rg2 $18) 18... Rg7 {[#]} (18... b5 $16 {keeps fighting.} 19. Bd5 Nd8) 19. Rhg2 $1 $18 {[%cal Rg2g5]} g4 $2 (19... Bxh3 {was worth a try.} 20. Rxg5 Rh7) 20. hxg4 Rh7 21. g5 Qg6 {[#]} 22. Bxf7 $1 {[%mdl 512]} Rxf7 (22... Qxf7 23. g6) 23. Nh4 Qg7 24. g6 Rf6 25. Rg5 f3 26. Rh5+ Kg8 27. Ndxf3 Rf4 {[#]} 28. d4 $1 {[%mdl 512]} exd4 29. Qc4+ Kf8 {[#]} 30. Rh7 {Played: Nh4-f5} 1-0